[Event "Pan American-ch School U15 Girls 12th"]
[Site "Callao"]
[Date "2023.10.20"]
[Round "8"]
[White "Fernandez Alata, Yenyfer"]
[Black "Macedo Minaya, Lorena Fernanda"]
[Result "1/2-1/2"]
[WhiteElo "1041"]
[BlackElo "1093"]
[PlyCount "37"]
[EventDate "2023.10.16"]
[EventType "swiss"]
[EventRounds "9"]
[EventCountry "PER"]
[SourceTitle "Mega2024 Update 01"]
[Source "Chessbase"]
[SourceDate "2023.11.12"]
[SourceVersion "1"]
[SourceVersionDate "2023.11.12"]
[SourceQuality "1"]

1. d4 Nf6 2. c4 c6 3. Nc3 d5 4. e3 Bf5 5. b3 Nbd7 6. Nf3 g6 7. Bd3 Bxd3 8. Qxd3 Bg7 9. 0-0 0-0 10. Ba3 Re8 11. Rac1 Qa5 12. Nb1 Qa6 13. Rfd1 e5 14. dxe5 Nxe5 15. Nxe5 Rxe5 16. cxd5 Qxd3 17. Rxd3 Rxd5 18. Rxd5 cxd5 19. e4 1/2-1/2

[Event "Pan American-ch School U15 Girls 12th"]
[Site "Callao"]
[Date "2023.10.19"]
[Round "6"]
[White "Vega Infante, Ines Lorena"]
[Black "Macedo Minaya, Lorena Fernanda"]
[Result "1-0"]
[WhiteElo "1151"]
[BlackElo "1093"]
[PlyCount "91"]
[EventDate "2023.10.16"]
[EventType "swiss"]
[EventRounds "9"]
[EventCountry "PER"]
[SourceTitle "Mega2024 Update 01"]
[Source "Chessbase"]
[SourceDate "2023.11.12"]
[SourceVersion "1"]
[SourceVersionDate "2023.11.12"]
[SourceQuality "1"]

1. e4 e5 2. Nf3 Nc6 3. Bc4 Nf6 4. Ng5 d5 5. exd5 Na5 6. Bb5+ c6 7. dxc6 bxc6 8. Bd3 h6 9. Ne4 Nxe4 10. Bxe4 f5 11. Qh5+ Ke7 12. Bxf5 Bxf5 13. Qxf5 Qd6 14. 0-0 Qf6 15. Qxf6+ gxf6 16. Nc3 Kf7 17. d3 f5 18. f4 Bc5+ 19. Kh1 Rae8 20. fxe5 Rxe5 21. Bf4 Ree8 22. Bxh6 Kg6 23. Bf4 Nb7 24. Rae1 Bf2 25. Rxe8 Rxe8 26. g3 Bd4 27. Kg2 Bxc3 28. bxc3 Re2+ 29. Rf2 Re1 30. c4 Ra1 31. c3 Nc5 32. Rd2 a5 33. d4 Ne4 34. Rc2 Nf6 35. Bc7 a4 36. Bd6 Ne4 37. Bb4 Nf6 38. a3 Re1 39. Kf2 Re4 40. Re2 Kg5 41. Be7 Rg4 42. h3 Re4 43. Rxe4 fxe4 44. Ke3 Kf5 45. Bxf6 Kxf6 46. Kxe4 1-0

[Event "Pan American-ch School U15 Girls 12th"]
[Site "Callao"]
[Date "2023.10.17"]
[Round "4"]
[White "Zhou Liang, Yaxuan Selina"]
[Black "Macedo Minaya, Lorena Fernanda"]
[Result "0-1"]
[WhiteElo "1229"]
[BlackElo "1093"]
[PlyCount "46"]
[EventDate "2023.10.16"]
[EventType "swiss"]
[EventRounds "9"]
[EventCountry "PER"]
[SourceTitle "Mega2024 Update 01"]
[Source "Chessbase"]
[SourceDate "2023.11.12"]
[SourceVersion "1"]
[SourceVersionDate "2023.11.12"]
[SourceQuality "1"]

1. e4 e5 2. Nf3 Nc6 3. Bc4 Nf6 4. Ng5 d5 5. exd5 Na5 6. Bb5+ Bd7 7. Qe2 Bd6 8. b3 Nxd5 9. Bxd7+ Qxd7 10. d4 0-0-0 11. dxe5 Rde8 12. 0-0 f6 13. e6 Qe7 14. Ne4 Qxe6 15. Nxd6+ Qxd6 16. Qb5 Nc6 17. Rd1 Qe5 18. c3 a6 19. Qd3 Rd8 20. Qh3+ Kb8 21. Kf1 Rhe8 22. Qf3 Qxh2 23. g3 Ne5 0-1

[Event "Pan American-ch School U15 Girls 12th"]
[Site "Callao"]
[Date "2023.10.16"]
[Round "2"]
[White "Neyra Alba, Daniela Sofia"]
[Black "Macedo Minaya, Lorena Fernanda"]
[Result "1-0"]
[WhiteElo "1248"]
[BlackElo "1093"]
[PlyCount "123"]
[EventDate "2023.10.16"]
[EventType "swiss"]
[EventRounds "9"]
[EventCountry "PER"]
[SourceTitle "Mega2024 Update 01"]
[Source "Chessbase"]
[SourceDate "2023.11.12"]
[SourceVersion "1"]
[SourceVersionDate "2023.11.12"]
[SourceQuality "1"]

1. e4 e5 2. Nf3 Nc6 3. Bc4 Nf6 4. Ng5 d5 5. exd5 Na5 6. Bb5+ Bd7 7. Bxd7+ Qxd7 8. d3 Qxd5 9. 0-0 h6 10. Nc3 Qd4 11. Nf3 Qd6 12. Re1 Nc6 13. Bf4 0-0-0 14. Bxe5 Qc5 15. Ne4 Nxe4 16. Rxe4 f6 17. Bc3 Bd6 18. Nh4 Be5 19. Bxe5 fxe5 20. Qd2 Rd4 21. Nf5 Rxe4 22. dxe4 Rd8 23. Qe2 Nd4 24. Nxd4 Qxd4 25. c3 Qd2 26. Kf1 g5 27. f3 g4 28. Re1 h5 29. Qxd2 Rxd2 30. Re2 Rd3 31. fxg4 hxg4 32. Rf2 b6 33. Rc2 c5 34. Ke2 Rd8 35. Rd2 Rf8 36. Rd5 Re8 37. a4 Kc7 38. Kd3 Kc6 39. Ke3 a6 40. Kf2 Rf8+ 41. Kg3 b5 42. axb5+ axb5 43. Kxg4 Rf4+ 44. Kg3 Rxe4 45. Rd2 Rc4 46. h4 e4 47. Kf2 b4 48. cxb4 cxb4 49. Ke3 b3 50. g4 Rc2 51. h5 Kb5 52. h6 Rc1 53. Kxe4 Kc4 54. Ke3 Re1+ 55. Kf2 Rc1 56. g5 Rc2 57. Ke3 Kb4 58. Rxc2 bxc2 59. Kd2 Kb3 60. h7 Kxb2 61. h8Q+ Kb1 62. Qb8+ 1-0